| 000 | 00708nam a22001937a 4500 | ||
|---|---|---|---|
| 005 | 20251108173127.0 | ||
| 008 | 250721s2005 xx 000 0 ara d | ||
| 082 | 1 | 4 | _a296.3/كوه |
| 100 | 1 | _aكوهن، آ. | |
| 245 | 1 | 0 | _aالتلمود عرض شامل للتلمود و تعاليم الحاخاميين حول : "الأخلاق , الآداب , الدين , التقاليد , القضاء" / |
| 264 | 1 |
_aبيروت : _bدار الخيال للطباعة و النشر و التوزيع، _c2005. |
|
| 300 | _a478ص | ||
| 650 | 1 | 7 | _aالديانات |
| 650 | 1 | 7 | _aاليهودية |
| 650 | 1 | 7 | _aعلم الآداب |
| 700 | 1 |
_aمارتي، جاك _etran. |
|
| 942 |
_2ddc _cREF |
||
| 999 |
_c96665 _d96665 |
||